000 00402nam a2200145Ia 4500
008 220216s9999 xx 000 0 und d
100 _aGhosh Nilabja
245 0 _aTrade liberalization and diversification in Indian agriculture
260 _bForeign Trade Review
_c2005
300 _a23-Mar
650 _aIndian agriculture
650 _atade liberalization
650 _aTrade policy
942 _cJS
999 _c71449
_d71449